Cestná daň v roku 2002
Daňovník cestnej dane. Predmet cestnej dane. Základ dane. Zdaňovacie obdobie. Výpočet sadzby dane. Daňová povinnosť. Vznik a zánik daňovej povinnosti. Daňové priznanie a oznamovacia povinnosť. Sadzba dane. Pokračovanie v ďalšom čísle HN.
Na minha lista:
| Autor principal: | |
|---|---|
| Formato: | Capítulo de Livro |
| Idioma: | eslovaco |
| Assuntos: | |
| Tags: |
Sem tags, seja o primeiro a adicionar uma tag!
|
MARC
| LEADER | 00000naa a2200000 4500 | ||
|---|---|---|---|
| 001 | r043774 | ||
| 005 | 20230925125254.3 | ||
| 041 | 0 | |a slo | |
| 044 | |a SK | ||
| 245 | 1 | 0 | |a Cestná daň v roku 2002 |c Alena Pauličková |
| 520 | |a Daňovník cestnej dane. Predmet cestnej dane. Základ dane. Zdaňovacie obdobie. Výpočet sadzby dane. Daňová povinnosť. Vznik a zánik daňovej povinnosti. Daňové priznanie a oznamovacia povinnosť. Sadzba dane. Pokračovanie v ďalšom čísle HN. | ||
| 610 | 2 | 0 | |a dane cestné |
| 610 | 2 | 0 | |a obdobie zdaňovacie |
| 610 | 2 | 0 | |a priznania daňové |
| 610 | 2 | 0 | |a daňovníci |
| 610 | 2 | 0 | |a sadzby daňové |
| 610 | 2 | 0 | |a povinnosť daňová |
| 610 | 2 | 0 | |a úpravy právne |
| 100 | 1 | |a Pauličková, Alena | |